| 000 | 00000nam##2200000za#4500 |
| 001 | 9.590571 |
| 003 | CaOODSP |
| 005 | 20210624200205 |
| 007 | cr ||||||||||| |
| 008 | 150406|1982||||xxc|||||o f|0| 0 eng|d |
| 040 | |aCaOODSP|beng |
| 041 | |aeng |
| 041 | |afre |
| 043 | |an-cn--- |
| 086 | 1 |aS52-2/501-1982-PDF |
| 110 | 1 |aCanada. |bPublic Works and Government Services Canada. |bTranslation Bureau. |
| 245 | 12|aA vocabulary of copper and its alloys / |h[electronic resource]|c[by] Sylvie Bouchard et Hélène Gélinas-Surprenant in co-operation with the Toponymy and Terminology Committee, Parks Canada. |
| 246 | 1 |aVocabulary of copper and its alloys |
| 250 | |aRevised and enlarged version. |
| 260 | |aOttawa - Ontario : |bPublic Works and Government Services Canada. |cc1982. |
| 300 | |a161p. |
| 490 | 1 |aTerminology bulletin|vNo. 501 |
| 500 | |a... previous edition published by the Canadian Copper and Brass Development Association. Prepared jointly by the Translation Bureau, Secretary of State Department, Canada, and the Canadian Copper and Brass Development Association. |
| 590 | |a14-22-Supp|b2014-12-24 |
| 792 | |tVocabulaire du cuivre et des ses alliages / |efre|w(CaOODSP)9.590572 |
| 830 | #0|aTerminology bulletin ;|vNo. 501|w(CaOODSP)9.500139 |
| 856 | 40|ahttp://publications.gc.ca|qPDF|s1696 KB|uhttps://publications.gc.ca/collections/collection_2014/tpsgc-pwgsc/S52-2-501-1982.pdf|yNo. 501 |